000 00302nam a22001337a 4500
008 190305b xxu||||| |||| 00| 0 eng d
020 _a0697066525
041 _aeng
080 _a159.9
100 _a49
101 _aPSI
245 _aCounseling American Minorities
_cAtkinson, D.R
942 _2udc
_cBK
999 _c54517
_d54517